Introducción a la psicología cognitiva
Guardat en:
| Autor principal: | |
|---|---|
| Format: | Llibre |
| Idioma: | anglès |
| Publicat: |
Buenos Aires, Argentina:
Aique,
1997
|
| Edició: | Primera edición |
| Col·lecció: | Psicología Cognitiva y Educación
|
| Matèries: | |
| Etiquetes: |
Afegir etiqueta
Sense etiquetes, Sigues el primer a etiquetar aquest registre!
|
MARC
| LEADER | 00000nam a22000007a 4500 | ||
|---|---|---|---|
| 003 | CL-VaPUC | ||
| 005 | 20220526093302.0 | ||
| 008 | 220405b1997 ||||| |||| 00| 0 eng d | ||
| 999 | |c 435282 |d 435280 | ||
| 020 | |a 950-701-374-1 | ||
| 040 | |c Pontificia Universidad Católica de Valparaíso | ||
| 082 | 0 | 4 | |2 21 |a 153 CAR 1997 |
| 100 | 1 | |a Carretero, Mario |9 222230 |e autor | |
| 245 | 1 | 0 | |a Introducción a la psicología cognitiva |
| 250 | |a Primera edición | ||
| 260 | |a Buenos Aires, Argentina: |b Aique, |c 1997 | ||
| 300 | |a 287 páginas | ||
| 490 | 0 | |a Psicología Cognitiva y Educación | |
| 500 | |a C.1Donación Familia profesor Giovanni Parodi S. Memo 01/2022. 25-03-2022 | ||
| 583 | |c 20220405 |k Catalogador Asistente | ||
| 650 | 1 | |a Psicología cognitiva |9 306250 | |
| 650 | 1 | |a Cognición |x Procesos mentales |x Conocimiento |9 869003 | |
| 650 | 1 | |a Psicología del aprendizaje |x Constructivismo |9 869004 | |
| 942 | |2 ddc |c BK | ||
| 952 | |0 0 |1 0 |2 ddc |4 0 |6 153_000000000000000_CAR_1997 |7 0 |8 C_GPS |9 582443 |a FDOPOS |b FDOPOS |c GEN |d 2022-04-05 |e Donación |i 5650692 |o 153 CAR 1997 |p 5650692 |r 2025-01-22 |t 1 |w 2022-04-05 |y BK |k MLA | ||